Princípy vedeckého riadenia
Saved in:
| Main Author: | |
|---|---|
| Format: | Book |
| Language: | Slovak |
| Published: |
Bratislava
United Philanthropy
2024
|
| Edition: | 1. vydanie |
| Subjects: | |
| Tags: |
No Tags, Be the first to tag this record!
|
MARC
| LEADER | 00000nam a2200000 4500 | ||
|---|---|---|---|
| 001 | 0305090 | ||
| 005 | 20250121101856.9 | ||
| 020 | |a 978-80-973639-3-2 | ||
| 041 | 0 | |a slo | |
| 044 | |a SK | ||
| 245 | 1 | 0 | |a Princípy vedeckého riadenia |c Frederick Winslow Taylor |
| 250 | |a 1. vydanie | ||
| 264 | 1 | |a Bratislava |b United Philanthropy |c 2024 | |
| 300 | |a 69 s. | ||
| 610 | 2 | 0 | |a riadenie vedecké |
| 610 | 2 | 0 | |a riadenie podnikové |
| 610 | 2 | 0 | |a manažment |
| 610 | 2 | 0 | |a efektívnosť podnikania |
| 610 | 2 | 0 | |a kooperácia |
| 100 | 1 | |a Winslow Taylor, Frederick | |